| 000 | 01186 a2200217 4500 | ||
|---|---|---|---|
| 003 | Nust | ||
| 005 | 20220802172359.0 | ||
| 010 | _a 2004005695 | ||
| 020 | _a0124909515 (casebound : alk. paper) | ||
| 040 | _cNust | ||
| 082 | 0 | 0 | _a621.36,MEN |
| 100 | 1 |
_aMenn, Naftaly. _996337 |
|
| 245 | 1 | 0 |
_aPractical optics / _cNaftaly Menn. |
| 260 |
_aAmsterdam ; _aBoston : _bElsevier Academic Press, _cc2004. |
||
| 300 |
_axii, 321 p. : _bill. ; _c24 cm. |
||
| 505 | _aGeometrical Optics In The Paraxial Area (Page-1), Theory Of Imaging (Page-41), Sources Of Light And Illumination Systems (Page-95), Detectors Of Light (Page-129), Optical Systems For Spectral Measurements (Page-159), Non-Contact Measurement Of Temperature (Page-209), Optical Scanners And Acousto-Optics (Page-229), Optical Systems For Distance And Size Measurements (Page-251), Optical Systems For Flow Parameter Measurement (Page-269), Color And Measurement (Page-293). | ||
| 650 | 0 | _aTelecommunication Engineering. | |
| 856 | 4 | 1 |
_3Publisher description _uhttp://www.loc.gov/catdir/description/els051/2004005695.html |
| 856 | 4 | 1 |
_3Table of contents _uhttp://www.loc.gov/catdir/toc/els051/2004005695.html |
| 942 |
_cREF _2ddc |
||
| 999 |
_c175608 _d175608 |
||